[Event "Bratislava Doprastav op"]
[Site "Bratislava"]
[Date "2019.04.21"]
[Round "6"]
[White "Schwarz, Dusan"]
[Black "Dusbaba, Karel"]
[Result "1-0"]
[WhiteElo "2314"]
[BlackElo "2105"]
[PlyCount "93"]
[EventDate "2019.04.18"]
[EventType "swiss"]
[EventRounds "7"]
[EventCountry "SVK"]
[SourceTitle "CBM 189 Extra"]
[Source "ChessBase"]
[SourceDate "2019.05.31"]
[SourceVersion "1"]
[SourceVersionDate "2019.05.31"]
[SourceQuality "1"]

1. c4 e6 2. Nc3 d5 3. d4 f5 4. Bf4 c6 5. e3 Nf6 6. Nf3 Bd6 7. Bd3 0-0 8. 0-0 Ne4 9. Qc2 Qc7 10. Bxd6 Qxd6 11. Ne5 Nd7 12. Nxd7 Bxd7 13. c5 Qe7 14. f3 Nxc3 15. Qxc3 Rae8 16. f4 b5 17. a4 a6 18. axb5 axb5 19. Ra7 Ra8 20. Rfa1 Rxa7 21. Rxa7 Rb8 22. Qa5 Qd8 23. Qxd8+ Rxd8 24. Kf2 Kf8 25. Ke1 Be8 26. Kd2 Rd7 27. Ra8 Ke7 28. Kc3 Rd8 29. Ra7+ Rd7 30. Ra6 Rb7 31. Kb4 Bd7 32. Ra8 Rc7 33. Ka5 Bc8 34. Kb6 Kd7 35. Rb8 Kd8 36. b4 Kd7 37. Be2 g6 38. g3 Kd8 39. Bxb5 cxb5 40. c6 h6 41. Ra8 g5 42. Kxb5 Ke7 43. Kb6 Kd6 44. b5 g4 45. Rb8 h5 46. Ra8 h4 47. gxh4 1-0

[Event "Bratislava Doprastav op"]
[Site "Bratislava"]
[Date "2019.04.20"]
[Round "4"]
[White "Bombek, Peter"]
[Black "Dusbaba, Karel"]
[Result "1-0"]
[WhiteElo "2195"]
[BlackElo "2105"]
[PlyCount "149"]
[EventDate "2019.04.18"]
[EventType "swiss"]
[EventRounds "7"]
[EventCountry "SVK"]
[SourceTitle "CBM 189 Extra"]
[Source "ChessBase"]
[SourceDate "2019.05.31"]
[SourceVersion "1"]
[SourceVersionDate "2019.05.31"]
[SourceQuality "1"]

1. d4 e6 2. Nf3 d5 3. c4 c6 4. Nc3 f5 5. Bf4 Nf6 6. e3 Bd6 7. Bxd6 Qxd6 8. Ne5 0-0 9. Bd3 Nbd7 10. f4 Ne4 11. Bxe4 fxe4 12. 0-0 Qb4 13. Qb3 Qxb3 14. axb3 Nxe5 15. fxe5 Rxf1+ 16. Kxf1 Bd7 17. Kg1 a6 18. Na4 Rf8 19. Nb6 Rd8 20. Rf1 Be8 21. Na4 Bd7 22. Nc5 Bc8 23. h4 Rf8 24. Na4 Bd7 25. Nb6 Rd8 26. Kh2 Be8 27. g4 Bf7 28. h5 Kf8 29. cxd5 cxd5 30. Rc1 Be8 31. Rc7 Bc6 32. h6 gxh6 33. Rxh7 Kg8 34. Rxh6 Re8 35. Kg3 Kg7 36. Rf6 Bb5 37. Na4 Bxa4 38. bxa4 b5 39. axb5 axb5 40. b4 Re7 41. Kf4 Re8 42. Kg5 Re7 43. Rf2 Rc7 44. Ra2 Rf7 45. Ra6 Rf3 46. Rxe6 Rxe3 47. Re7+ Kf8 48. Rc7 Rf3 49. Rc2 Kf7 50. Rc5 e3 51. Rc1 e2 52. Re1 Re3 53. Kf5 Rf3+ 54. Kg5 Re3 55. Kf4 Re4+ 56. Kf5 Rxd4 57. Rxe2 Rxb4 58. e6+ Ke7 59. Rh2 Rb1 60. Rh7+ Ke8 61. Ke5 Ra1 62. Rb7 d4 63. Rxb5 d3 64. Rd5 Rg1 65. Kf5 Rf1+ 66. Kg6 Rf3 67. Rd7 Re3 68. Kf5 Rf3+ 69. Ke4 Rg3 70. Kf4 Rh3 71. g5 Kf8 72. g6 Rh2 73. g7+ Kg8 74. e7 Re2 75. Rd8+ 1-0

[Event "Bratislava Doprastav op"]
[Site "Bratislava"]
[Date "2019.04.19"]
[Round "3"]
[White "Dusbaba, Karel"]
[Black "Jablonicky, Martin"]
[Result "1/2-1/2"]
[WhiteElo "2105"]
[BlackElo "2322"]
[PlyCount "116"]
[EventDate "2019.04.18"]
[EventType "swiss"]
[EventRounds "7"]
[EventCountry "SVK"]
[SourceTitle "CBM 189 Extra"]
[Source "ChessBase"]
[SourceDate "2019.05.31"]
[SourceVersion "1"]
[SourceVersionDate "2019.05.31"]
[SourceQuality "1"]

1. c4 g6 2. Nc3 Bg7 3. d4 Nf6 4. e4 0-0 5. Be3 d6 6. f3 c6 7. Qd2 a6 8. a4 a5 9. Bd3 Na6 10. Nge2 e5 11. Rd1 Nb4 12. Bb1 Qe7 13. 0-0 h5 14. Nc1 Be6 15. b3 Nh7 16. dxe5 dxe5 17. Qf2 Rfd8 18. Rxd8+ Rxd8 19. Bc5 Qe8 20. Bb6 Ra8 21. Rd1 Nf6 22. N3a2 Nd7 23. Be3 Bf8 24. Nxb4 axb4 25. Bd3 Ra5 26. Qd2 b6 27. Kf1 f6 28. Na2 Nc5 29. Bxc5 bxc5 30. Bc2 Be7 31. Nc1 g5 32. g3 Qg6 33. Kf2 Kf7 34. Qe3 Qh7 35. Nd3 Bf8 36. Ke1 Ke8 37. Qd2 Ra8 38. Qf2 Qe7 39. Nc1 Bf7 40. Qe3 Bh6 41. Qd2 Be6 42. Qd6 Bd7 43. Qxe7+ Kxe7 44. Nd3 Ra5 45. Kf2 Be8 46. h3 Bg6 47. g4 Ke6 48. Ne1 Ra8 49. Ng2 Bf8 50. Ne3 Be7 51. Kg2 hxg4 52. hxg4 Rd8 53. Rxd8 Bxd8 54. Kg3 Kd6 55. Nf5+ Bxf5 56. gxf5 Ke7 57. Kg4 Kf7 58. Kh5 Kg7 1/2-1/2

[Event "Bezmerov Bastinec Memorial-A"]
[Site "Bezmerov"]
[Date "2019.01.26"]
[Round "3"]
[White "Miciak, Emanuel"]
[Black "Dusbaba, Karel"]
[Result "1/2-1/2"]
[WhiteElo "1877"]
[BlackElo "2065"]
[PlyCount "37"]
[EventDate "2019.01.25"]
[EventType "swiss"]
[EventRounds "5"]
[EventCountry "CZE"]
[SourceTitle "CBM 188 Extra"]
[Source "ChessBase"]
[SourceDate "2019.02.28"]
[SourceVersion "1"]
[SourceVersionDate "2019.02.28"]
[SourceQuality "1"]

1. d4 e6 2. c4 d5 3. Nf3 c6 4. e3 f5 5. Be2 Nf6 6. Nbd2 Bd6 7. Ne5 Ne4 8. 0-0 Nd7 9. Nxd7 Bxd7 10. f4 0-0 11. Nf3 Rf6 12. Bd2 Rh6 13. Be1 g5 14. Ne5 Qe7 15. Bd3 Be8 16. Bxe4 dxe4 17. Bg3 g4 18. c5 Bxe5 19. fxe5 1/2-1/2

[Event "Bezmerov Bastinec Memorial-A"]
[Site "Bezmerov"]
[Date "2019.01.25"]
[Round "2"]
[White "Dusbaba, Karel"]
[Black "Zvonicek, Vaclav"]
[Result "1-0"]
[WhiteElo "2065"]
[BlackElo "1807"]
[PlyCount "129"]
[EventDate "2019.01.25"]
[EventType "swiss"]
[EventRounds "5"]
[EventCountry "CZE"]
[SourceTitle "CBM 188 Extra"]
[Source "ChessBase"]
[SourceDate "2019.02.28"]
[SourceVersion "1"]
[SourceVersionDate "2019.02.28"]
[SourceQuality "1"]

1. c4 Nf6 2. Nc3 g6 3. e4 e5 4. Nf3 Nc6 5. d4 exd4 6. Nxd4 d6 7. Bg5 Bg7 8. Nd5 0-0 9. Nb5 h6 10. Nxf6+ Bxf6 11. Bxf6 Qxf6 12. Nxc7 Qxb2 13. Rc1 Qb4+ 14. Qd2 Qxd2+ 15. Kxd2 Rb8 16. Kc3 a6 17. Be2 Be6 18. Rhd1 Rfd8 19. Rd2 Kf8 20. Rcd1 Ke7 21. f4 Rbc8 22. Nd5+ Bxd5 23. Rxd5 Na7 24. Kb4 Nc6+ 25. Kb3 Na7 26. h4 Rc5 27. e5 Rxd5 28. cxd5 Rc8 29. Rd4 Rc5 30. Rc4 Rxc4 31. Bxc4 b5 32. Bd3 Nc8 33. Kc3 Nb6 34. Kd4 Na4 35. g4 Nc5 36. Bc2 a5 37. Bd1 b4 38. Bc2 a4 39. Kc4 b3 40. axb3 axb3 41. Bxb3 Ne4 42. Kd4 Nc5 43. Bc2 Nd7 44. e6 Nf6 45. g5 hxg5 46. fxg5 Nh5 47. exf7 Kxf7 48. Ke4 Ng7 49. Kf4 Nh5+ 50. Kg4 Ng7 51. Bd3 Nh5 52. Ba6 Ng7 53. Bc8 Ke7 54. Kf3 Kd8 55. Bg4 Ke7 56. Ke4 Kf8 57. Kd4 Ke7 58. Kc4 Kd8 59. Kb5 Kc7 60. Be6 Nh5 61. Bf7 Nf4 62. h5 Nxh5 63. Bxg6 Ng7 64. Bf7 Kd7 65. Bg6 1-0

[Event "Paderborn op 14th"]
[Site "Paderborn"]
[Date "2017.12.27"]
[Round "2"]
[White "Landa, Konstantin"]
[Black "Dusbaba, Karel"]
[Result "1-0"]
[WhiteElo "2604"]
[BlackElo "2091"]
[PlyCount "45"]
[EventDate "2017.12.27"]
[EventType "swiss"]
[EventRounds "7"]
[EventCountry "GER"]
[SourceTitle "CBM 182 Extra"]
[Source "ChessBase"]
[SourceDate "2018.02.23"]
[SourceVersion "1"]
[SourceVersionDate "2018.02.23"]
[SourceQuality "1"]

1. Nf3 e6 2. g3 f5 3. Bg2 Nf6 4. 0-0 Be7 5. d3 0-0 6. Nc3 d6 7. e4 fxe4 8. dxe4 e5 9. Qd3 Nfd7 10. Nd5 Nc6 11. b4 a6 12. a4 Kh8 13. Be3 Bf6 14. Qc4 Rb8 15. b5 axb5 16. axb5 Nd4 17. Bxd4 exd4 18. Nxf6 Nxf6 19. Qxd4 b6 20. e5 dxe5 21. Qxd8 Rxd8 22. Nxe5 Be6 23. Nc6 1-0

[Event "Oravska Priehrada op"]
[Site "Oravska Priehrada"]
[Date "2016.08.29"]
[Round "7"]
[White "Dusbaba, Karel"]
[Black "Kantorik, Marian"]
[Result "0-1"]
[WhiteElo "2101"]
[BlackElo "2265"]
[PlyCount "96"]
[EventDate "2016.08.26"]
[EventType "swiss"]
[EventRounds "7"]
[EventCountry "SVK"]
[SourceTitle "CBM 174 Extra"]
[Source "ChessBase"]
[SourceDate "2016.10.10"]
[SourceVersion "1"]
[SourceVersionDate "2016.10.10"]
[SourceQuality "1"]

1. c4 c5 2. Nc3 Nc6 3. g3 g6 4. Bg2 Bg7 5. Nf3 e5 6. 0-0 Nge7 7. d3 0-0 8. Bd2 d6 9. a3 h6 10. Rb1 a5 11. Na4 Bd7 12. Nc3 Be6 13. e4 f5 14. Nd5 a4 15. b4 axb3 16. Rxb3 Ra7 17. Qb1 fxe4 18. dxe4 Bg4 19. Nh4 g5 20. Nxe7+ Nxe7 21. Nf5 Nxf5 22. exf5 Bxf5 23. Bd5+ Kh8 24. Qb2 Qe7 25. Rxb7 Rxb7 26. Qxb7 Qxb7 27. Bxb7 Rb8 28. Bc6 Bd3 29. Rc1 e4 30. Bb5 Bb2 31. Bc3+ Bxc3 32. Rxc3 d5 33. a4 d4 34. Ra3 g4 35. a5 Rb7 36. a6 Ra7 37. h3 h5 38. hxg4 hxg4 39. Kg2 Kg7 40. Ra1 Be2 41. Ra2 Bd3 42. Ra1 Be2 43. Ra2 d3 44. Bc6 Bf3+ 45. Kf1 d2 46. Rxd2 Rxa6 47. Rd7+ Kf6 48. Ke1 Rxc6 0-1

[Event "Oravska Priehrada op"]
[Site "Oravska Priehrada"]
[Date "2016.08.26"]
[Round "1"]
[White "Dusbaba, Karel"]
[Black "Brnusak, Tomas"]
[Result "1-0"]
[WhiteElo "2101"]
[BlackElo "1671"]
[PlyCount "59"]
[EventDate "2016.08.26"]
[EventType "swiss"]
[EventRounds "7"]
[EventCountry "SVK"]
[SourceTitle "CBM 174 Extra"]
[Source "ChessBase"]
[SourceDate "2016.10.10"]
[SourceVersion "1"]
[SourceVersionDate "2016.10.10"]
[SourceQuality "1"]

1. c4 Nf6 2. Nc3 g6 3. e4 d6 4. d4 Bg7 5. f3 0-0 6. Be3 e5 7. d5 a5 8. Bd3 Na6 9. Nge2 Nd7 10. g4 Ndc5 11. Ng3 Nxd3+ 12. Qxd3 Nb4 13. Qd2 f5 14. gxf5 gxf5 15. Bg5 Bf6 16. Bh6 Rf7 17. Nh5 Qe7 18. 0-0-0 f4 19. h4 Bd7 20. a3 Na6 21. Nxf6+ Qxf6 22. Bg5 Qh8 23. Rdg1 Kf8 24. Qg2 Ke8 25. Bh6 Kd8 26. Qg5+ Qf6 27. Qh5 Re7 28. Rg8+ Be8 29. Bg5 Qh8 30. Qxe8# 1-0